| 000 | 01638cam a2200313 i 4500 | ||
|---|---|---|---|
| 003 | SA-RiAUC | ||
| 005 | 20241218130254.0 | ||
| 008 | 241215s1974 iq g 000 0 ara c | ||
| 040 |
_aSA-JeALM _bara _cSA-RiAUC _erda |
||
| 082 | 0 | 4 |
_a225 _qSA-RiAUC |
| 090 | _a225 زم ل | ||
| 100 | 1 |
_aالزملكاني، عبد الواحد بن عبد الكريم بن خلف، _dتوفي 651 هجري _eمؤلف. |
|
| 245 | 1 | 2 |
_aالبرهان الكاشف عن إعجاز القرآن / _cكمال الدين عبد الواحد بن عبد الكريم الزملكاني ؛ تحقيق خديجة الحديثي، أحمد مطلوب. |
| 250 | _aالطبعة الأولى. | ||
| 264 | 1 |
_a[مكان النشر غير محدد] : _b[الناشر غير محدد]، _c1974 |
|
| 264 | 3 |
_aبغداد : _bمطبعة العاني |
|
| 300 |
_a432 صفحة؛ _c24 سم |
||
| 336 |
_aنص _btxt _2rdacontent _3كتاب |
||
| 337 |
_aبدون وسيط _bn _2rdamedia |
||
| 338 |
_aمجلد _bnc _2rdacarrier |
||
| 490 |
_aالجمهورية العراقية رئاسة ديوان الأوقاف احياء التراث الإسلامي. _v9 |
||
| 630 | 2 | 7 |
_aالقرآن _xإعجاز لغوي _2aucut |
| 700 | 1 |
_aالحديثي، خديجة عبد الرزاق، _d1934- _eمحقق. |
|
| 700 | 1 |
_aمطلوب، أحمد، _d1936-2018 _eمحقق. |
|
| 700 | 1 | 2 |
_iتحقيق لـ (عمل) : _aالزملكاني، عبد الواحد بن عبد الكريم بن خلف، _dتوفي 651 هجري. _tالبرهان الكاشف عن إعجاز القرآن. |
| 730 | 2 | 2 | _aالقرآن |
| 942 |
_2ddc _cBOOK _n0 |
||
| 949 |
_aSA-JeALM _d241215 _umohamedma123 _n1 |
||
| 999 |
_c3640 _d3640 |
||